00654 2200205 4500245005900000020002200059250001100081100002200092700001600114700002100130650002100151650002600172005001900198260007600217041001400293084001000307300003700317500008500354336000900439 aMondaitb : Bagian yang SamacSuparman TampuyakhText a978-623-112-255-1 aCet. 1 aSuparman Tampuyak aMohd. Erfan aRahmah Salsabilq aCerita Bergambar aCerita Anak Dwibahasa a20241002091658 aJakartabKementerian Pendidikan, Kebudayaan, Riset, dan Teknologic2023 aIndonesia a741.5 a29 hlm :b21,5 × 29,7 cm ;cPDF aCerita Anak Dwibahasa Sulawesi Tengah : Dalam Bahasa Saluan dan Bahasa Indonesia atext